El último que lo sabe (Record no. 171231)

MARC details
000 -LEADER
campo de control de longitud fija 00726nam a22001575i 4500
001 - NÚMERO DE CONTROL
campo de control 171231
003 - IDENTIFICADOR DE NÚMERO DE CONTROL
campo de control ES-MaACL
005 - FECHA Y HORA DE LA ÚLTIMA TRANSACCIÓN
campo de control 20230906214554.0
008 - DATOS DE LONGITUD FIJA--INFORMACIÓN GENERAL
campo de control de longitud fija 090506s1863 sp |||| | spa d
100 1# - ENTRADA PRINCIPAL--NOMBRE DE PERSONA
Nombre de persona Diana, Manuel Juan.
9 (RLIN) 44103
245 13 - MENCIÓN DEL TÍTULO
Título El último que lo sabe
Resto del título : comedia original en tres actos /
Mención de responsabilidad, etc. por Manuel Juan Diana.
260 ## - PUBLICACIÓN, DISTRIBUCIÓN, ETC.
Lugar de publicación, distribución, etc. Madrid :
Nombre del editor, distribuidor, etc. [s.n.],
Fecha de publicación, distribución, etc. 1863 (
Fabricante Imp. de José Rodríguez)
300 ## - DESCRIPCIÓN FÍSICA
Extensión 74 p. ;
Dimensiones 18 cm.
500 ## - NOTA GENERAL
Nota general En port.: Representada por primera vez en el teatro del Príncipe el día 10 de diciembre de 1863.
852 ## - LOCALIZACIÓN
Ubicación ES-MaACL
Número de control de estantería F-8591(4)
Nota libre . - Enc. pasta española
condición física .- Falto de la cub. original
Nota libre .- Enc. en un vol. facticio formando parte de la col. "Teatro español moderno", vol. 44
Holdings
Estatus retirado Estado de pérdida Estado de daño No para préstamo Colección Biblioteca de origen Biblioteca actual Ubicación en estantería Fecha de adquisición Fuente de adquisición Total de préstamos Signatura topográfica completa Código de barras Visto por última vez Precio de reemplazo Tipo de ítem Koha
        Libros del s. XIX Biblioteca del Ateneo de Madrid Biblioteca del Ateneo de Madrid Sala Pecera Planta 2 06/05/2009     F-8591(4) 1179698 23/02/2023 23/02/2023 Libro impreso antiguo